Statistics for Jurassic World Evolution Dinosaurs (Hard Version)

Click here to take the quiz!

General Stats

  • This quiz has been taken 20 times
  • The average score is 45 of 67

Answer Stats

Answer% Correct
Triceratops
100%
Velociraptor
100%
Apatosaurus
93%
Diplodocus
93%
Tyrannosaurus
93%
Allosaurus
87%
Brachiosaurus
87%
Ceratosaurus
87%
Ankylosaurus
80%
Baryonyx
80%
Dilophosaurus
80%
Edmontosaurus
80%
Indominus rex
80%
Indoraptor
80%
Pachycephalosaurus
80%
Stegosaurus
80%
Struthiomimus
80%
Ankylodocus
73%
Archaeornithomimus
73%
Carnotaurus
73%
Compsognathus
73%
Corythosaurus
73%
Dracorex
73%
Parasaurolophus
73%
Spinoraptor
73%
Stygimoloch
73%
Acrocanthosaurus
67%
Deinonychus
67%
Gallimimus
67%
Herrerasaurus
67%
Metriacanthosaurus
67%
Pentaceratops
67%
Polacanthus
67%
Proceratosaurus
67%
Spinosaurus
67%
Stegoceratops
67%
Suchomimus
67%
Torosaurus
67%
Troodon
67%
Albertosaurus
60%
Camarasaurus
60%
Chungkingosaurus
60%
Giganotosaurus
60%
Homalocephale
60%
Kentrosaurus
60%
Maiasaura
60%
Majungasaurus
60%
Nasutoceratops
60%
Nigersaurus
60%
Olorotitan
60%
Styracosaurus
60%
Tsintaosaurus
60%
Crichtonsaurus
53%
Dreadnoughtus
53%
Euoplocephalus
53%
Huayangosaurus
53%
Iguanodon
53%
Mamenchisaurus
53%
Ouranosaurus
53%
Sinoceratops
53%
Chasmosaurus
47%
Dryosaurus
47%
Gigantspinosaurus
47%
Nodosaurus
47%
Carcharodontosaurus
40%
Sauropelta
40%
Muttaburrasaurus
27%

Score Distribution

Percentile by Number Answered

Percent of People with Each Score

Your Score History

You have not taken this quiz